Качество предметизации: эффективность предметизации и адекватность отражения содержания документа; Библиотечное дело; № 4

Бібліографічні деталі
Parent link:Библиотечное дело: ежемесячный журнал.— , 2003-
№ 4.— 2005.— С. 21-23
Автор: Жлобинская О. Н. Ольга Николаевна
Інші автори: Селиванова Ю. Г. Юлия Геннадьевна, Никольцева Н. П. Надежда Петровна, Васильева Г. Н. Галина Николаевна
Мова:Російська
Опубліковано: 2005
Серія:Каталогизация
Предмети:
Формат: Частина з книги
KOHA link:https://koha.lib.tpu.ru/cgi-bin/koha/opac-detail.pl?biblionumber=398235

MARC

LEADER 00000naa2a2200000 4500
001 398235
005 20231101065022.0
035 |a (RuTPU)RU\TPU\prd\38115 
035 |a RU\TPU\prd\38113 
090 |a 398235 
100 |a 20050919a2005 k y0rusy50 ca 
101 0 |a rus 
102 |a RU 
200 1 |a Качество предметизации: эффективность предметизации и адекватность отражения содержания документа  |f О. Н. Жлобинская, Ю. Г. Селиванова, Н. П. Никольцева, Г. Н. Васильева 
225 1 |a Каталогизация 
461 0 |0 (RuTPU)RU\TPU\prd\12643  |t Библиотечное дело  |o ежемесячный журнал  |d 2003- 
463 0 |0 (RuTPU)RU\TPU\prd\37813  |t № 4  |v С. 21-23  |d 2005 
610 1 |a каталогизация 
610 1 |a предметизация 
610 1 |a качество 
610 1 |a эффективность предметизации 
610 1 |a адекватность 
610 1 |a отражение 
610 1 |a документы 
700 1 |a Жлобинская  |b О. Н.  |g Ольга Николаевна 
701 1 |a Селиванова  |b Ю. Г.  |g Юлия Геннадьевна 
701 1 |a Никольцева  |b Н. П.  |g Надежда Петровна 
701 1 |a Васильева  |b Г. Н.  |g Галина Николаевна 
801 1 |a RU  |b 63413507  |c 20050919  |g PSBO 
801 2 |a RU  |b 63413507  |c 20060619  |g PSBO 
942 |c BK